000 00496nas a22001817a 4500
999 _c1217
_d1217
008 130306t20029999ag ||||| |||| 00| 0 spa d
022 _a1666-5791
245 _aNeurology
250 _aEdicion en español
260 _aBuenos Aires:
_bWaverly Hispanica,
_c2002
300 _av. :
310 _acuatrimestral
546 _aespañol
590 _aExistencias: 2002 (1-3) BAJA DEPOSITO (CAJA 22) MAYO 2019
590 _aIndizada en: Latindex
650 _aNEUROLOGIA
_91941
942 _2ddc
_cCR